书目信息 |
| 题名: |
滋养生命的数学
|
|
| 作者: | 董文华 著 | |
| 分册: | ||
| 出版信息: | 郑州 大象出版社 2018.09 |
|
| 页数: | 225页 | |
| 开本: | 24cm | |
| 丛书名: | ||
| 单 册: | ||
| 中图分类: | G623.502 | |
| 科图分类: | ||
| 主题词: | 小学数学课--xiao xue shu xue ke--教学研究 | |
| 电子资源: | ||
| ISBN: | 978-7-5347-9923-5 | |
| 000 | 00953nam0 2200241 450 | |
| 001 | 0109110025 | |
| 005 | 20201109110332.0 | |
| 010 | @a978-7-5347-9923-5@dCNY38.00 | |
| 100 | @a20190508d2018 em y0chiy50 ea | |
| 101 | 0 | @achi |
| 102 | @aCN@b410000 | |
| 105 | @aa z 000yy | |
| 106 | @ar | |
| 200 | 1 | @a滋养生命的数学@Azi yang sheng ming de shu xue@f董文华著 |
| 210 | @a郑州@c大象出版社@d2018.09 | |
| 215 | @a225页@c图@d24cm | |
| 300 | @a中原名师出版工程教育思想与实践系列 | |
| 330 | @a本书是作者二十多年从事小学数学教育教学实践的智慧精华,包括了作者从事小学数学教学工作的教学经历、实践及思考。全书分为三大部分:第一章主要是关于作者数学教学实践及形成教育思想的一些文章;第二章主要是作者的一些教学实录和反思;第三章主要是作者与学生的教育生活的短文。 | |
| 606 | 0 | @a小学数学课@Axiao xue shu xue ke@x教学研究 |
| 690 | @aG623.502@v5 | |
| 701 | 0 | @a董文华@ADong Wen Hua@4著 |
| 801 | 0 | @aCN@bBJSZM@c20201103 |
| 905 | @b1264076-80@dG623.502@e1234@f5 | |
| 滋养生命的数学/董文华著.-郑州:大象出版社,2018.09 |
| 225页:图;24cm |
| 中原名师出版工程教育思想与实践系列 |
| ISBN 978-7-5347-9923-5:CNY38.00 |
| 本书是作者二十多年从事小学数学教育教学实践的智慧精华,包括了作者从事小学数学教学工作的教学经历、实践及思考。全书分为三大部分:第一章主要是关于作者数学教学实践及形成教育思想的一些文章;第二章主要是作者的一些教学实录和反思;第三章主要是作者与学生的教育生活的短文。 |
| ● |
| 相关链接 |
|
|
|
|
正题名:滋养生命的数学
索取号:G623.502/1234
 
预约/预借
| 序号 | 登录号 | 条形码 | 馆藏地/架位号 | 状态 | 备注 |
| 1 | 1264076 | 212640766 | 第一样本阅览室/ [索取号:G623.502/1234] | 在馆 | |
| 2 | 1264077 | 212640775 | 教育系资料室/ [索取号:G623.502/1234] | 在馆 | |
| 3 | 1264078 | 212640784 | 教育系资料室/ [索取号:G623.502/1234] | 在馆 | |
| 4 | 1264079 | 212640793 | 第四借阅区/ [索取号:G623.502/1234] | 在馆 | |
| 5 | 1264080 | 212640800 | 第四借阅区/ [索取号:G623.502/1234] | 在馆 |